000 00333nam a2200145Ia 4500
005 20251222152016.0
008 251222s9999||||xx |||||||||||||| ||spa||
020 _a8401304226X
082 _a843.914/N28
100 _aNavarre, Yves
245 0 _aEl Tiempo Querido
250 _a1ra. ed.
264 _bPlaza & Janés
942 _cLIB
999 _c25099
_d25099